| 000 | 00716nam a2200193 i 4500 | ||
|---|---|---|---|
| 001 | 92595 | ||
| 003 | ES-MaACL | ||
| 005 | 20230906181017.0 | ||
| 007 | t| | ||
| 008 | 050406s1990 it ||||1| spa d | ||
| 080 | _a929 Colón, Cristobal | ||
| 100 | 1 |
_aTaviani, Paolo Emilio. _9109424 |
|
| 245 | 1 | 0 |
_aCristoforo Colombo _b: genio del mar / _cPaolo Emilio Taviani. |
| 260 |
_aRoma : _bIstituto Poligrafico e Zecca dello Stato, _c[1990] |
||
| 300 |
_a94 p. ; _c20 cm. |
||
| 500 | _aPrecede al tit.: Ministerio per i Beni Culturali e Ambientali, Comitato Nazionale per le Celebrazioni del V Centenario della scoperta dell'America. | ||
| 600 | 1 | 4 |
_aColón, Cristóbal. _939869 |
| 852 |
_aES-MaACL _jE-10924 _bR.135759 |
||
| 999 |
_c92595 _d92595 |
||